Every Song by I See Stars - Statistics

General Stats
  • This quiz has been taken 5 times
    2 since last reset
  • The average score is 15 of 70
Answer Stats
Album Song % Correct
3-D(2009) 3D
100%
THE WHEEL(2025) Anomaly
100%
[digital_renegade](2012) Digital Renegade
100%
New Demons(2013) New Demons
100%
Treehouse(2016) Running with Scissors
100%
The End of the World Party(2011) The End of the World Party
100%
THE WHEEL(2025) THE WHEEL
100%
THE WHEEL(2025) Afterdark
50%
THE WHEEL(2025) are we 3ven?
50%
Treehouse(2016) Calm Snow
50%
New Demons(2013) Crystal Ball
50%
THE WHEEL(2025) Curtain Call
50%
THE WHEEL(2025) D4MAGE DONE
50%
THE WHEEL(2025) Drift
50%
Treehouse(2016) Everyone's Safe in the Treehouse
50%
[digital_renegade](2012) Filth Friends Unite
50%
THE WHEEL(2025) FLOAT
50%
The End of the World Party(2011) Home for the Weekend
50%
3-D(2009) Sing This
50%
THE WHEEL(2025) SPLIT
50%
The End of the World Party(2011) Still Not Quite Enough
50%
Treehouse(2016) Yellow King
50%
Treehouse(2016) All In
0%
New Demons(2013) Boris the Animal
0%
Treehouse(2016) Break
0%
THE WHEEL(2025) carry on for you
0%
3-D(2009) Comfortably Confused
0%
[digital_renegade](2012) Electric Forest
0%
THE WHEEL(2025) Eliminator
0%
[digital_renegade](2012) Endless Sky
0%
THE WHEEL(2025) Flood Light
0%
New Demons(2013) Follow Your Leader
0%
The End of the World Party(2011) Glow
0%
[digital_renegade](2012) Gnars Attacks
0%
3-D(2009) I Am Jack's Smirking Revenge
0%
[digital_renegade](2012) iBelieve
0%
New Demons(2013) Initialization Sequence
0%
The End of the World Party(2011) It Will Be Up (High School Never Ends)
0%
New Demons(2013) Judith Rules
0%
Treehouse(2016) Light in the Cave
0%
THE WHEEL(2025) Lost It
0%
Treehouse(2016) Mobbin' Out
0%
New Demons(2013) Murder Mitten
0%
[digital_renegade](2012) Mystery Wall
0%
[digital_renegade](2012) NZT48
0%
The End of the World Party(2011) Over It
0%
The End of the World Party(2011) Pop Rock & Roll
0%
Treehouse(2016) Portals
0%
3-D(2009) Project Wakeup
0%
3-D(2009) Save the Cheerleader
0%
THE WHEEL(2025) Spin It
0%
[digital_renegade](2012) Summer Died In Connersville
0%
New Demons(2013) Ten Thousand Feet
0%
3-D(2009) The Big Bad Wolf
0%
3-D(2009) The Common Hours
0%
The End of the World Party(2011) The Common Hours II
0%
3-D(2009) The Ocean
0%
Treehouse(2016) Two Hearted
0%
[digital_renegade](2012) Underneath Every Smile
0%
The End of the World Party(2011) Upside Down
0%
New Demons(2013) Violent Bounce (People Like ¥øµ)
0%
Treehouse(2016) Walking on Gravestones
0%
New Demons(2013) We're Not in Kansas Anymore
0%
3-D(2009) What This Means to Me
0%
New Demons(2013) When I Say Jump, You Say How High
0%
The End of the World Party(2011) Where I Let You Down (Numb)
0%
3-D(2009) Where the Sidewalk Ends
0%
Treehouse(2016) White Lies
0%
New Demons(2013) Who Am I?
0%
The End of the World Party(2011) Wonderland
0%
No matching quizzes found
Score Distribution
Percent of People with Each Score
Percentile by Number Answered
Your Score History
You have not taken this quiz since the last reset